009980000a22002170004500090001400000245005800014650003400072650003900106650002000145650003100165650003200196650003900228651002900267041001300296100002600309942001300335773006700348999001700415952017400432952017400606 aARb0317810aStudies on the flora of northern South America - XVII14aEstudios florísticos99564314aInventarios de vegetación99314814aBotánica936114aTaxonomía vegetal99226214aMorfología vegetal91829514aDistribución geográfica992997 4pAmérica del Sur9927490 aInglés1 aGleason, H. A.996741 cARTICULO1 tBulletin of the Torrey Botanical Club31286q361-376d1932g59 c12233d12233 001040718HEMEROTECAaBogotabBogotad2015-02-27ePrieto, AdrianahFuera de circulaciónl0oAR 03178p013581r2015-03-25 00:00:00t2w2015-03-25xEntregadoyARTICULO 001040718HEMEROTECAaBogotabBogotad2015-02-27ePrieto, AdrianahFuera de circulaciónl0oAR 03178p013877r2015-03-25 00:00:00t1w2015-03-25xEntregadoyARTICULO